| 000 | 00496nam a2200157Ia 4500 | ||
|---|---|---|---|
| 008 | 160316s1998 xxu||||| |||| 00| 0 eng d | ||
| 082 |
_a342.085000 _bVER |
||
| 100 | _aVerma R S | ||
| 245 | _aLaw relating to custodial death and human rights | ||
| 250 | _a | ||
| 260 |
_aDelhi _bVerma Publications Pvt.Ltd. _c1998 |
||
| 300 |
_a357p. _b20 cm _cxv |
||
| 365 | _bRs.400 | ||
| 650 | _a1.Human Rights - Custodial Death - India 2.Custodial Violence - Human Rights - India | ||
| 700 |
_aThockhom I B S _a |
||
| 999 |
_c13212 _d13212 |
||